شرح أحكام قانون ضمانات وحوافز الإستثمار ولائحته التنفيذية / (رقم التسجيلة. 32173)

تفاصيل مارك
000 -الفاتح
عناصر البيانات ثابتة الطول 00894cam a2200229 i 4500
005 - تاريخ ووقت آخر معاملة
حقل ضبط 20260126111043.0
008 - عناصر البيانات ثابتة الطول
عناصر البيانات ثابتة الطول 250721s1998 xx gr 000 0 ara d
020 ## - الترقيم الدولي المعياري للكتب (ردمك)
الترقيم الدولي المعياري للكتب (ردمك) 9771954237
082 14 - رقم تصنيف ديوي العشري
رقم التصنيف 346.08
رقم المادة س ل ي
100 1# - مدخل رئيسي – اسم شخصي
الاسم الشخصي سليم، رجب عبد الحكيم
علاقة الشخص بالعمل/ دوره معد.
245 10 - بيان العنوان
العنوان شرح أحكام قانون ضمانات وحوافز الإستثمار ولائحته التنفيذية /
بيان المسؤولية اعداد رجب عبد الحكيم سليم.
264 31 - بيانات النشر، التوزيع…إلخ
مكان النشر، التوزيع...إلخ القاهرة :
اسم الناشر، الموزع...إلخ رجب عبد الحكيم سليم،
تاريخ النشر، التوزيع...إلخ 1998.
300 ## - الوصف المادي
عدد الوحدات المكونة للوعاء 414 صفحة.
490 0# - بيان السلسلة
عنوان السلسلة قوانين الشركات والإستثمار.
650 17 - مدخل إضافي بالموضوع - مصطلح موضوعي
مصطلح موضوعي أو اسم جغرافي كعنصر مدخل القانون.
650 17 - مدخل إضافي بالموضوع - مصطلح موضوعي
مصطلح موضوعي أو اسم جغرافي كعنصر مدخل قانون الضمانات.
650 17 - مدخل إضافي بالموضوع - مصطلح موضوعي
مصطلح موضوعي أو اسم جغرافي كعنصر مدخل الشركات.
650 17 - مدخل إضافي بالموضوع - مصطلح موضوعي
مصطلح موضوعي أو اسم جغرافي كعنصر مدخل الإستثمار.
830 #0 - مدخل إضافي بالسلسلة-عنوان مقنن
عنوان السلسسلة قوانين الشركات والإستثمار.
942 ## - بيانات إضافية (كوها)
نوع التنصيف Dewey Decimal Classification
نوع المادة (كوها) كتب
المقتنيات
حالة السحب حالة الفقدان مصدر التصنيف حالة التلف غير قابل للإعارة المكتبة الرئيسية المكتبة الحالية موقع الرف تاريخ التزويد الرقم المتسلسل Total Checkouts رقم الإستدعاء الباركود تاريخ آخر ظهور تاريخ الفاتورة نوع المادة (كوها)
    Dewey Decimal Classification     المكتبة المركزية المكتبة المركزية الإعارة 06/07/2004 326759   346.08 / س ل ي 326759 28/07/2025 06/07/2004 كتب
Implemented & Customized by: BBB with SCIT (Smart Chains for Information Technology)

Powered by Koha